000
00365nam a2200169Ia 4500
003
0STCL
008
150530s9999 xx 000 0 und d
040
_a
STCL
_c
STCL
100
_a
Raja, K.C.A.
245
_a
Under the Greenwood tree
250
_a
First
260
_c
2005
546
_a
English
942
_2
ddc
_c
BK
999
_c
58291
_d
58291
005
20220125171044.0